Anatomy in the pages of Don Quixote / (Record no. 175345)

MARC details
000 -LEADER
campo de control de longitud fija 00918nam a2200229 i 4500
001 - NÚMERO DE CONTROL
campo de control 175345
003 - IDENTIFICADOR DE NÚMERO DE CONTROL
campo de control ES-MaACL
005 - FECHA Y HORA DE LA ÚLTIMA TRANSACCIÓN
campo de control 20250818054618.0
008 - DATOS DE LONGITUD FIJA--INFORMACIÓN GENERAL
campo de control de longitud fija 101022s2006 ve |||| | eng d
100 1# - ENTRADA PRINCIPAL--NOMBRE DE PERSONA
Nombre de persona Arráez Aybar, Luis Alfonso.
9 (RLIN) 143720
245 10 - MENCIÓN DEL TÍTULO
Título Anatomy in the pages of Don Quixote /
Mención de responsabilidad, etc. Luis-Alfonso Arráez-Aybar.
260 ## - PUBLICACIÓN, DISTRIBUCIÓN, ETC.
Lugar de publicación, distribución, etc. Caracas, Venezuela :
Nombre del editor, distribuidor, etc. Interciencia,
Fecha de publicación, distribución, etc. 2006.
300 ## - DESCRIPCIÓN FÍSICA
Extensión P. 690-694 ;
Dimensiones 28 cm.
504 ## - NOTA DE BIBLIOGRAFÍA, ETC.
Nota de bibliografía, etc. Bibliografía: p. 694.
546 ## - NOTA DE IDIOMA
Nota de lengua/lenguaje Resumen en inglés, español y portugués.
594 ## - Nota al título y mención de responsabilidad
Nota al título y mención de responsabilidad Precede al tít.: Ensayos = essays = ensaios.
595 ## -
-- Separata de: "Interciencia : Revista de ciência e tecnologia das Américas", sep. 2006, v. 31, n.9.
650 #7 - PUNTO DE ACCESO ADICIONAL DE MATERIA--TÉRMINO DE MATERIA
Término de materia o nombre geográfico como elemento de entrada Don Quijote (Personaje de ficción)
Fuente del encabezamiento o término embne
9 (RLIN) 11968
650 04 - PUNTO DE ACCESO ADICIONAL DE MATERIA--TÉRMINO DE MATERIA
Término de materia o nombre geográfico como elemento de entrada Anatomía-
Subdivisión general En la literatura.
9 (RLIN) 143722
852 ## - LOCALIZACIÓN
Ubicación ES-MaACL
Número de control de estantería 2281-F-12
Nota libre . - Dedicatoria autógrafa del autor
Holdings
Estatus retirado Estado de pérdida Estado de daño No para préstamo Colección Biblioteca de origen Biblioteca actual Ubicación en estantería Fecha de adquisición Fuente de adquisición Total de préstamos Signatura topográfica completa Código de barras Visto por última vez Precio de reemplazo Tipo de ítem Koha
        Colección de folletos Biblioteca del Ateneo de Madrid Biblioteca del Ateneo de Madrid Depósito folletos 22/10/2010     2281-F-12 1184119 23/02/2023 23/02/2023 Folleto